00692 a2200145 4500003000500000005001700005040000900022082000800031100002200039245003600061260003600097300001100133505039000144650001200534Nust20170207154204.0 cNust a512 aMohammad, Kh. Dil aDil's new algebracDil Mohammad aLahorebKhwaja Book Depotc1957 a572 p. aGeneralized Arithmetic Substitution (Page-1), Positive And Negative Quantities (Page-10), Addition, Subscription And Brackers (Page-18), Multiplication (Page-34), Division (Page-55), Simple Equations (Page-75), Fractions (Page-172), Involution And Evolution (Page-279), Remainder Theorem (Page-320), Elimination (Page-393), Problems (Page-428), Variation (Page-476), Graphs (Page-489). aAlgebra